[Event "Bretagne-ch U14"]
[Site "Sarzeau"]
[Date "2006.02.23"]
[Round "5"]
[White "Pruvost, Charlotte"]
[Black "Josse, Mathilde"]
[Result "0-1"]
[WhiteElo "1250"]
[BlackElo "1470"]
[PlyCount "106"]
[EventDate "2006.02.21"]
[EventType "swiss"]
[EventRounds "6"]
[EventCountry "FRA"]
[SourceTitle "EXT 2007"]
[Source "ChessBase"]
[SourceDate "2006.11.23"]
[SourceVersion "1"]
[SourceVersionDate "2006.11.23"]
[SourceQuality "1"]

1. e4 e5 2. Nf3 Nc6 3. Bc4 Bc5 4. 0-0 Nf6 5. d3 h6 6. Nc3 0-0 7. Bd2 d6 8. h3 Bd7 9. a3 a6 10. b4 Bd4 11. Qe2 Re8 12. Rab1 Bxc3 13. Bxc3 Be6 14. Rfd1 Bxc4 15. dxc4 Qe7 16. b5 axb5 17. cxb5 Na5 18. b6 cxb6 19. Rxb6 Nc6 20. Bb2 Reb8 21. c3 Nd7 22. Rb5 Ra5 23. c4 Rxb5 24. cxb5 Na7 25. Rc1 b6 26. Rc7 Ra8 27. a4 Qd8 28. Qc2 Nc5 29. Rxc5 bxc5 30. Bc3 Qc7 31. Qd2 Qb8 32. Ba5 Nc8 33. Bd8 Rxa4 34. b6 Nxb6 35. Be7 Nc4 36. Qd5 Qc7 37. Bh4 Qd7 38. Bg3 Qe6 39. Qc6 Rb4 40. Nh4 Nd2 41. Nf5 Nxe4 42. Nh4 Nxg3 43. fxg3 e4 44. Qa8+ Kh7 45. g4 e3 46. g5 Rxh4 47. Qf3 e2 48. Qd3+ g6 49. Kf2 e1Q+ 50. Kf3 Qf5+ 51. Qxf5 gxf5 52. g4 Rxh3+ 53. Kf4 Qe4# 0-1

[Event "FRA-ch U14 Girls"]
[Site "Aix les Bains"]
[Date "2006.??.??"]
[Round "1"]
[White "Josse, Mathilde"]
[Black "Nguyen, Angeline"]
[Result "1/2-1/2"]
[WhiteElo "1470"]
[BlackElo "1961"]
[PlyCount "123"]
[EventDate "2006.04.16"]
[EventType "swiss"]
[EventRounds "9"]
[EventCountry "FRA"]
[SourceTitle "EXT 2007"]
[Source "ChessBase"]
[SourceDate "2006.11.23"]
[SourceVersion "1"]
[SourceVersionDate "2006.11.23"]
[SourceQuality "1"]

1. e4 e5 2. Nf3 Nc6 3. Nc3 Nf6 4. Bb5 Bc5 5. d3 a6 6. Bxc6 dxc6 7. 0-0 Bg4 8. Be3 Bd4 9. Rb1 Bxc3 10. bxc3 b6 11. Bg5 h6 12. Bh4 Qd6 13. Rb3 0-0 14. Qe2 Nd7 15. Qe3 Bxf3 16. Qxf3 Nc5 17. Rbb1 Rac8 18. Rfe1 Qe6 19. Rb2 f5 20. exf5 Rxf5 21. Qd1 Qg6 22. Bg3 Qf7 23. a3 Rf8 24. h3 Qf6 25. Qd2 Rd8 26. Rb4 Rf8 27. Rf1 Ne6 28. Re1 Nf4 29. Rbe4 Qg5 30. Bxf4 exf4 31. Re7 R5f7 32. R7e4 Qa5 33. a4 b5 34. axb5 cxb5 35. Rb4 Qb6 36. c4 c5 37. Rb2 b4 38. c3 a5 39. Ra1 b3 40. d4 Rd7 41. Rbb1 cxd4 42. cxd4 Qxd4 43. Qxd4 Rxd4 44. Rxb3 Ra8 45. Rba3 Rxc4 46. Rxa5 Rxa5 47. Rxa5 Rc1+ 48. Kh2 Rc4 49. Rf5 Kh7 50. g3 fxg3+ 51. fxg3 Rc2+ 52. Kg1 Kg6 53. Rf2 Rxf2 54. Kxf2 Kg5 55. Ke3 Kf5 56. Kf3 g6 57. g4+ Ke5 58. h4 Kd5 59. Ke3 Ke5 60. Kf3 h5 61. gxh5 gxh5 62. Ke3 1/2-1/2

[Event "FRA-ch U12 Girls"]
[Site "Calvi"]
[Date "2005.04.17"]
[Round "1"]
[White "Josse, Mathilde"]
[Black "Neuhauser, Salome"]
[Result "0-1"]
[WhiteElo "1350"]
[BlackElo "1660"]
[PlyCount "110"]
[EventDate "2005.04.??"]
[EventType "swiss"]
[EventRounds "9"]
[EventCountry "FRA"]
[SourceTitle "EXT 2006"]
[Source "ChessBase"]
[SourceDate "2005.11.24"]
[SourceVersion "1"]
[SourceVersionDate "2005.11.24"]
[SourceQuality "1"]

1. e4 c5 2. Nf3 d6 3. Bb5+ Bd7 4. Bxd7+ Qxd7 5. d3 Nc6 6. 0-0 g6 7. Bf4 Bg7 8. c3 Nf6 9. Re1 0-0 10. h3 Rfd8 11. Nbd2 a6 12. Nc4 Qc7 13. Qc2 b5 14. Ncd2 Nh5 15. Bh2 b4 16. cxb4 Nxb4 17. Qb3 Rab8 18. Rab1 Nc6 19. Qc2 Nd4 20. Nxd4 Bxd4 21. Nf3 Bg7 22. b3 Rbc8 23. Rbc1 Bh6 24. Rb1 Bg7 25. Rbc1 Qb7 26. Qc4 e6 27. Qc2 d5 28. exd5 Qxd5 29. Be5 Bxe5 30. Rxe5 Qxd3 31. Qxd3 Rxd3 32. Rexc5 Rxc5 33. Rxc5 Rd6 34. Rc1 Nf4 35. Rc2 Nd5 36. g3 f6 37. Rc1 Kf7 38. Kf1 e5 39. Ke2 Ke6 40. a3 Rb6 41. b4 Rd6 42. Kf1 Kd7 43. Ke2 Kd8 44. Nd2 Kd7 45. Nb3 Rc6 46. Rxc6 Kxc6 47. Na5+ Kb5 48. Kd3 f5 49. f3 h6 50. h4 h5 51. Kd2 Ka4 52. Nc4 e4 53. f4 Kb3 54. Nd6 Kxa3 55. Nb7 Kxb4 0-1

[Event "France-ch U12 Girls"]
[Site "Reims"]
[Date "2004.04.18"]
[Round "1"]
[White "Josse, Mathilde"]
[Black "Le Bail, Arielle"]
[Result "0-1"]
[WhiteElo "1380"]
[BlackElo "1670"]
[PlyCount "36"]
[EventDate "2004.04.??"]
[EventType "swiss"]
[EventRounds "9"]
[EventCountry "FRA"]
[SourceTitle "EXT 2005"]
[Source "ChessBase"]
[SourceDate "2004.11.15"]
[SourceVersion "1"]
[SourceVersionDate "2004.11.15"]
[SourceQuality "1"]

1. e4 c5 2. Nf3 Nc6 3. Nc3 e6 4. Bb5 Qc7 5. d4 cxd4 6. Nxd4 Nf6 7. 0-0 Bd6 8. f4 Nxd4 9. Qxd4 Bc5 10. Be3 Bxd4 11. Bxd4 a6 12. Ba4 b5 13. Bb3 b4 14. Ne2 Nxe4 15. Bxg7 Rg8 16. Bd4 Bb7 17. a4 Qc6 18. Rfe1 Ng3 0-1

[Event "Fouesnant op 09th"]
[Site "Fouesnant"]
[Date "2003.10.26"]
[Round "2"]
[White "Laviec, Alain"]
[Black "Josse, Mathilde"]
[Result "1-0"]
[WhiteElo "1499"]
[BlackElo "1350"]
[PlyCount "75"]
[EventDate "2003.10.25"]
[EventType "swiss"]
[EventRounds "9"]
[EventCountry "FRA"]
[SourceTitle "EXT 2006"]
[Source "ChessBase"]
[SourceDate "2005.11.24"]
[SourceVersion "1"]
[SourceVersionDate "2005.11.24"]
[SourceQuality "1"]

1. e4 e5 2. Nf3 Nc6 3. Bb5 Nge7 4. 0-0 a6 5. Ba4 b5 6. Bb3 d5 7. Nc3 dxe4 8. Nxe4 h6 9. d3 Bg4 10. h3 Bh5 11. Be3 Nf5 12. Bc5 Bxc5 13. Nxc5 Nfd4 14. g4 Nxf3+ 15. Qxf3 Bg6 16. Qxc6+ Kf8 17. Nd7+ Kg8 18. Nxe5 Kh7 19. Nxg6 fxg6 20. Bf7 Qg5 21. Rfe1 Rhf8 22. Qxc7 Rac8 23. Qd6 Rcd8 24. Qe6 Kh8 25. Bxg6 Rf6 26. Qe8+ Rf8 27. Qc6 Rf6 28. Re8+ Rf8 29. Rae1 Kg8 30. Qe6+ Kh8 31. Rxf8+ Rxf8 32. Qd6 Kg8 33. Qe6+ Kh8 34. Qe8 Kg8 35. Bf7+ Kh7 36. Qxf8 h5 37. Qg8+ Kh6 38. Qh8# 1-0